000 00966cam a22003253a 4500
001 1569
003 PGUSA
005 20140828083003.0
008 050125s2005||||xxu|||||s|||||000 i eng d
040 _aPGUSA
_beng
042 _adc
050 4 _aPQ
100 1 _aBalzac, Honoré de,
_d1799-1850
245 1 4 _aThe Lily of the Valley
_h[electronic resource] /
_cHonoré de Balzac
260 _bProject Gutenberg,
_c2005
506 _aPublic domain in the USA.
516 _aElectronic text
653 _aHistorical fiction
653 _aFrance -- Fiction
653 _aBiographical fiction
653 _aMan-woman relationships -- Fiction
653 _aFrench fiction -- Translations into English
653 _aLove stories
653 _aLetters -- Fiction
653 _aRomance fiction
700 1 _aWormeley, Katharine Prescott,
_d1830-1908
830 0 _aProject Gutenberg
_v1569
856 4 0 _uhttp://www.gutenberg.org/ebooks/1569
942 _cEB
999 _c230917
_d230917